| 000 | 00384nam a2200157Ia 4500 | ||
|---|---|---|---|
| 008 | 230917s9999||||xx |||||||||||||| ||und|| | ||
| 040 |
_e97479 _aMAIN |
||
| 041 | _aEnglish | ||
| 082 | _a910.02 S82E | ||
| 100 | _aStrahler, Arthur N | ||
| 245 | 0 | _aElements of physical geography | |
| 250 | _a3rd ed. | ||
| 260 |
_aNew York _bJohn Wiley _c1984 |
||
| 300 | _axiv, 538 p. | ||
| 942 | _cBK | ||
| 999 |
_c47381 _d47381 |
||